| 000 | 01153cam a2200229 4500 | ||
|---|---|---|---|
| 001 | WB3833-18 | ||
| 008 | 020912n2002 000 0 eng u | ||
| 035 | _a(Sirsi) u119677 | ||
| 245 | _aMore brownfield land available | ||
| 260 | _c2002 | ||
| 490 |
_aODPM News Release _v12 September 2002, (2) |
||
| 520 | _aNew figures provided by the National Land Use Database (NLUD) show that 66 000 hectares of brownfield land are available for development. These figures demonstrate that shortage of land is no obstacle to exceeding the government's target of 60% of new developments to be built on previously developed land and through conversion of existing buildings by 2008. An information bulletin is available at. http://www.odpm.gov.uk/news/0209/bf2002.htm http//www.odpm.gov.uk/news/0209/0072.htm | ||
| 590 | _aWB | ||
| 650 |
_aAffordable housing _96215 |
||
| 650 | _aBROWNFIELD LAND | ||
| 650 | _aDEVELOPMENT | ||
| 650 | _aNEW DEVELOPMENTS | ||
| 650 | _aNATIONAL LAND USE DATABASE | ||
| 650 | _aHOUSING | ||
| 690 | _aENVIRONMENTAL AND LAND CONSULTANCY-PLANNING AND DEVELOPMENT | ||
| 942 | _n0 | ||
| 999 |
_c71147 _d71147 |
||